000 01047nji a22002657a 4500
005 20100903152050.0
006 a|||||r|||||00| 0
007 sd ammalaaahaa
008 100830t xxu||||| |||| 00| 0 eng d
028 _aBEX 267
_bColumbia
035 _aGR-374
040 _aSED
_cSED
100 _917455
_aAbdul Karim Khan
245 _aBhavda paarda joben - lalat/
_cby Abdul Karim Khan
_h[sound recording] :
246 _aभावडा पार्दा जोबन - ललत / अब्दुल करीम खान द्वारा
260 _bColumbia
_aDum Dum, India
300 _a1 sound disc [Gramophone Recording] :
_banalog, 33 1/3 rpm
_c11 in. (MP)
_fGramophone Record
500 _aBrief Record
505 _aSide-२ घन घन घरी - पटदीप (Ghan ghan ghari - patdeep) (Abdul Karin Khan)
650 _aClassical music
_zIndia
_91186
_xExcerpts
700 _917416
700 _917456
942 _2ddc
_cGR
999 _c43625
_d43625